Quizzes
Events
Quiz Creation
Community
Videos
Private Events
Remove Ads
Sign In
Join for FREE
Feedback
Dark Mode
Quiz Categories
Sports
Geography
Music
Movies
Television
Just For Fun
Miscellaneous
History
Literature
Language
Science
Gaming
Entertainment
Religion
Holiday
For Kids
Quiz Lab
Recent
Popular Today
Quiz Kudos Today
Editor Picks
Curator Picks
Quizzes by...
Day
Popularity
Type
Ratings
Length
Year
Community
Subscriptions
Recent Discussions
Orange Saloon
Badges
Playlists
Quests
Create
Leaderboards
Showdown
Live 5
Trivia Bingo
Activity
Puzzle Library
Sporcle Events
Private Events
Virtual Trivia
Globe League
Become a Host
Pub Owners
SporcleCon
Opinionation
Our Games
Videos
Blog
Mobile Apps
Partnerships
Remove Ads and Go Orange
Feedback
Miscellaneous
Crossword
General Knowledge
Baby Names
Logo
Food
Cars
Numbers
Grab Bag
University
College
Popular
Company
Slogans
Restaurants
Justice
Letter
Miscellaneous
Crossword
General Knowledge
Baby Names
Logo
Food
Cars
Numbers
Grab Bag
University
College
Popular
Company
Slogans
Restaurants
Justice
Letter
Random Quiz
Search Sporcle
×
Quiz Lab
Quiz Lab
Miscellaneous
old
Type in answers that appear in a list
Type in answers that appear in a list
Classic
Best Score? Go Orange.
19 Kids And Counting Names Stats
Can you name the 19 Kids And Counting Names?
By
marieraven
6m
21 Questions
1,135 Plays
1,135 Plays
1,135 Plays
Comments
Comments
Give Quiz Kudos
Give Quiz Kudos
-
- Ratings
hide this ad
Random Order
Randomize order of answers
Randomize order of answers
Replay
Link that replays current quiz
Next Quiz
Link to next quiz in quiz playlist
You Got
0%
They Got
Avg Score
66%
Avg Friend Score
Upgrade to see
Score Distribution
Jump to the score distribution portion of the page
Score
0/21
Timer
06:00
0
Plays Today
Number
Name
% Correct
4rd
Jill
84.7%
5th
Jessa
83.4%
2nd
Jana
81.9%
3rd
John David
81%
6th
Jinger
79.3%
Dad
Jim Bob
78.9%
9th
Joy-Anna
76.7%
1st
Joshua
76.5%
Mom
Michelle
75.5%
15th
Jackson
71.7%
12th
Jason
69.7%
Number
Name
% Correct
11th
Jeremiah
66.8%
10th
Jedidiah
66.6%
14th
Justin
66.5%
7th
Joseph
65%
17th
Jennifer
64.3%
8th
Josiah
64.2%
19th
Josie Brooklyn
40.2%
13th
James Andrew
36.2%
16th
Johannah Faith
35.2%
18th
Jordyn-Grace Makiya
30.3%
Quiz Playlist
Details
Report
Send in Message
Add To Playlist
Classic:
Type in answers that appear in a list
Random Order:
Randomize order of answers
Last Updated: Feb 16, 2017
Quiz Scoreboard
CHALLENGE
Sign Up to Join the Scoreboard
Show All
Scores
Hide
Comments
May contain spoilers
Recently Published
Billboard Blitz: Fleetwood Mac
by CooCooCachoo
Music
15s
Presidents Visiting Landmarks
by Hejman
History
7m
An Introduction to Baseball
by treessimontrees
Sports
5m
More to Explore
Quiz From the Vault
Featured Blog Post
Where Did the Easter Bunny Come From?
hide this ad
You Might Also Like...
Tags
Counting
kid
old
Today's Top Quizzes in Miscellaneous
Browse Miscellaneous
hide this ad
Today's Top Quizzes in old
Browse old
Top Contributed Quizzes in Miscellaneous
1
5-to-1: Fast Food
2
The JOE quick-fire general knowledge quiz: Day 174
3
The JOE quick-fire general knowledge quiz: Day 173
4
5-to-1: Cocktails
5
The JOE quick-fire general knowledge quiz: Day 172
6
Sunday Crossword: Famous Bodies of Water
7
The JOE quick-fire general knowledge quiz: Day 171
8
One Thing in Common: United Kingdom II
9
Named After an Animal - Odd One Out!
10
The JOE quick-fire quiz: Day 170
Explore More
Trending Topics
NBA
Disney
Anime
Harry Potter
Marvel
Kpop
Crossword
Pokémon
Country
Puzzle
NFL
Soccer
The Office
WWE
Song
hide this ad
More By:
marieraven
Quiz
Plays
Rating
Category
Featured
Created
Tommorow lyrics from Annie
1,458
2.00
Music
Oct 10, 2010
19 Kids And Counting Names
1,135
Miscellaneous
Sep 28, 2011
Super Bass Lyrics
867
1.00
Music
Jan 17, 2012
Candy (US or UK)
576
3.33
Miscellaneous
Apr 18, 2012
american girl characters
302
2.20
Miscellaneous
Oct 11, 2009
Go to Creator's Profile
Score Distribution
Quiz Creator Spotlight
marieraven
Follow
Send a Message
Quizzes Created
-
Created Quiz Play Count
-
More By This Creator
Popular Quizzes Today
1
Find the US States - No Outlines Minefield
2
Find the Countries of Europe - No Outlines Minefield
3
The Countries of the World
4
Find the US States
5
Risky Map Clicking: Biggest States A-Z
6
US States
7
Popular People in 1961
8
Movies - When Are They Set?
More Miscellaneous Quizzes
Almost Useless Trivia VII
Published
Trending Quizzes
Risky Map Clicking: Least Populous States A-Z
1-10 Letter G Words
1-10 Letter F Words
Risky Map Clicking: Next State Alphabetically
Click the Washington State Counties! (Map)
Recently Updated
Leaping Animals
pecheneg
Reality TV Shows (A-Z)
bhenderson79
Rickey Henderson's Hall of Fame Teammates
pecheneg
Champions League XIs: Arsenal
pecheneg
Quick Pick: Celebrities in WWE's Hall of Fame
aduchscher
A-Z Keypad Blitz II
pecheneg
Multiple Oscar Actors
pecheneg
Mystery Phrase Blitz: Oscar 'Best Actors'
pecheneg
F. Scott Fitzgerald Novels
LTH
Pick 3 Villains
ddd62291
Trending Topics
Anime
NBA
Marvel
Disney
Kpop
Harry Potter
Crossword
Soccer
Puzzle
Song
Pokémon
Country
NFL
WWE
The Office
Your Account Isn't Verified!
In order to create a playlist on Sporcle, you need to verify the email address you used during registration. Go to your
Sporcle Settings
to finish the process.
Report this User
Report this user for behavior that violates our
Community Guidelines
.
Details:
Send Report
Go to the Sporcle.com Mobile Site →
Comments